LEADER 01160nam a2200241 i 4500 001 000000189962 003 CaOOAMICUS 005 20100524000000.0 008 100524s1973 it u000 u fre u 013 $a168274 040 $aSeMil$bita 100 1 $aMeester, Conrad : de,$c.$0(OLS)http://semarc/name/18009 245 14$aLes mains vides :$bLe message de Thérèse de Lisieux /$cConrad De Meester Carme ; Traduit du néerlandais par A. Patfoort , o.p. 260 $aParis :$bLes Éditions du Cerf,$c1973. 300 $a172 p. ;$c18 cm. 490 0 $aFoi vivante. Série Parole & mission ;$v146 600 04$aTeresa : del Bambino Gesù .$0(OLS)http://semarc/subject/1572 700 1 $aPatfoort, Albert,$d<1912-2013>.$0(OLS)http://semarc/name/5591 830 0$aFoi vivante. Série Parole & mission ;$v146.$0(OLS)http://semarc/title/30342 850 $aSeMil 852 $aSeMil$W1$xVenegono$y1$m3H I 276$j140593$B140593$CSeMilBibl$Z2$F152175 $81 996 $6245$aLes mains vides :$bLe message de Thérèse de Lisieux$9(OLS)http://semarc/title/273590 996 $6260$aParis :$bLes Éditions du Cerf$9(OLS)http://semarc/publisher/29611 LEADER 00548nab a2200145 i 4500 001 000000316140 003 CaOOAMICUS 005 20180831173203.0 008 180831n xx uu u0 0und r 013 $a25223 040 $aSeMil$bita 100 1 $aRimoldi, Antonio .$0(OLS)http://semarc/name/204 245 10$a[RECENSIONE DI: Zovatto..., Cattolicesimo a Trieste. Appun..., 1980]. 773 0 $t[Gennaio-Dicembre].$g178$w()274000 996 $6245$a[RECENSIONE DI: Zovatto..., Cattolicesimo a Trieste. Appun..., 1980]$9(OLS)http://semarc/title/390169